Statistics for Oscars for Best Supporting Actor 1990-2023

Click here to take the quiz!

General Stats

  • This quiz has been taken 211 times
    (16 since last reset)
  • The average score is 27 of 34

Answer Stats

QuestionAnswer% Correct
2008Heath Ledger (The Dark Knight)
100%
2013Jared Leto (Dallas Buyers Club)
100%
2022Ke Hui Quan (Everything Everywhere All at Once)
100%
2016Mahershala Ali (Moonlight)
100%
2023Robert Downey Jr. (Oppenheimer)
100%
2019Brad Pitt (Once Upon a Time in Hollywood)
93%
2010Christian Bale (The Fighter)
93%
2009Christoph Waltz (Inglourious Basterds)
93%
1995Kevin Spacey (The Usual Suspects)
93%
2018Mahershala Ali (Green Book)
93%
2004Morgan Freeman (Million Dollar Baby)
93%
1996Cuba Gooding Jr. (Jerry Maguire)
86%
2020Daniel Kaluuya (Judas and the Black Messiah)
86%
2014J. K. Simmons (Whiplash)
86%
1990Joe Pesci (Goodfellas)
86%
1997Robin Williams (Good Will Hunting)
86%
2017Sam Rockwell (Three Billboards Outside Ebbing, Missouri)
86%
2006Alan Arkin (Little Miss Sunshine)
79%
2012Christoph Waltz (Django Unchained)
79%
2007Javier Bardem (No Country for Old Men)
79%
2015Mark Rylance (Bridge of Spies)
79%
1999Michael Caine (The Cider House Rules)
79%
2003Tim Robbins (Mystic River)
79%
1992Gene Hackman (Unforgiven)
71%
2001Jim Broadbent (Iris)
71%
1993Tommy Lee Jones (The Fugitive)
71%
2011Christopher Plummer (Beginners)
64%
2005George Clooney (Syriana)
64%
2021Troy Kotsur (CODA)
64%
2000Benicio del Toro (Traffic)
57%
1994Martin Landau (Ed Wood)
57%
2002Chris Cooper (Adaptation.)
50%
1991Jack Palance (City Slickers)
50%
1998James Coburn (Affliction)
43%

Score Distribution

Percentile by Number Answered

Percent of People with Each Score

Your Score History

You have not taken this quiz since the last reset